000 00325nam a2200133Ia 4500
003 OSt
005 20240422165217.0
008 170523s9999 xx 000 0 und d
020 _a9780070620032
040 _ciimt university meerut
100 _aO BRIEN- JAMES A
245 0 _aMANAGEMENT INFORMATION SYSTEM
942 _2ddc
_c02
999 _c10009
_d10009